Statistiche per Elenca la formazione - Finale UEFA Champions League 2014-2015

Clicka qui per fare il quiz!

Statistiche generali

  • Questo quiz è stato fatto 58 volte
  • Il punteggio medio è 21 su 22

Statistiche sulle risposte

RuoloNazioneStato% Corretto
PortiereItaliaGianluigi Buffon
100%
DifensoreItaliaLeonardo Bonucci
100%
AttaccanteSpagnaÁlvaro Morata
98%
AttaccanteArgentinaLionel Messi
98%
AttaccanteUruguayLuis Suárez
98%
AttaccanteBrasileNeymar
98%
DifensoreItaliaAndrea Barzagli
96%
CentrocampistaItaliaClaudio Marchisio
96%
CentrocampistaFranciaPaul Pogba
96%
CentrocampistaSpagnaAndrés Iniesta
94%
AttaccanteArgentinaCarlos Tévez
94%
DifensoreSpagnaGerard Piqué
94%
PortiereGermaniaMarc-André ter Stegen
94%
DifensoreSvizzeraStephan Lichtsteiner
94%
TrequartistaCileArturo Vidal
93%
CentrocampistaCroaziaIvan Rakitić
93%
CentrocampistaSpagnaSergio Busquets
93%
DifensoreBrasileDani Alves
91%
CentrocampistaItaliaAndrea Pirlo
89%
DifensoreSpagnaJordi Alba
89%
DifensoreFranciaPatrice Evra
83%
DifensoreArgentinaJavier Mascherano
80%

Distribuzione punteggi

Percentile per numero di risposta

Percentuale di utenti per punteggio

I tuoi punteggi nel tempo

Non hai fatto questo quiz